[Event "Lichtenberger Sommer 2023"]
[Site "Berlin"]
[Date "2023.08.14"]
[Round "3.91"]
[White "Vaz da Cruz, Vinicius"]
[Black "Schmidt, Alexander Nadvid"]
[Result "1/2-1/2"]
[WhiteElo "1600"]
[BlackElo "1274"]
[PlyCount "53"]
[EventDate "2023.??.??"]
[WhiteTeam "SSV Rotation Berlin e.V."]
[BlackTeam "SK Zehlendorf e.V."]

1. e4 e5 2. Nf3 Nc6 3. Bc4 Bc5 4. c3 Nf6 5. d4 exd4 6. cxd4 Bb6 7. e5 d5 8. Bb5
Ne4 9. Nc3 Bg4 10. Be3 f5 11. Qb3 Ba5 12. Nd2 Bxc3 13. bxc3 a6 14. Be2 Bxe2 15.
Kxe2 Na5 16. Qc2 O-O 17. f3 Nxd2 18. Bxd2 c5 19. Rac1 Qb6 20. f4 cxd4 21. cxd4
Nc6 22. Rb1 Qc7 23. Qc5 Rfd8 24. Rb3 Qf7 25. Rg3 Rac8 26. Qb6 Qc7 27. Qb2
1/2-1/2

[Event "Lichtenberger Sommer 2023"]
[Site "Berlin"]
[Date "2023.08.14"]
[Round "3.92"]
[White "Hafermann, Lara"]
[Black "Franchina, Giuseppe"]
[Result "1-0"]
[WhiteElo "1590"]
[BlackElo "1200"]
[PlyCount "101"]
[EventDate "2023.??.??"]
[WhiteTeam "SC Borussia Lichtenberg"]
[BlackTeam "vereinslos"]

1. Nf3 e6 2. g3 Nc6 3. Bg2 Be7 4. O-O Bf6 5. d3 d6 6. e4 Bd7 7. c3 Qe7 8. Be3
O-O-O 9. Qa4 g5 10. b4 Kb8 11. b5 a6 12. bxc6 Bxc6 13. Qb4 h5 14. e5 dxe5 15.
Qxe7 Nxe7 16. Bxg5 Bxg5 17. Nxg5 Bxg2 18. Kxg2 Rdf8 19. Nd2 h4 20. Nde4 f5 21.
Nc5 f4 22. Nd7+ Ka7 23. Nxf8 Rxf8 24. Nxe6 f3+ 25. Kg1 Rf6 26. Ng5 Nd5 27. Ne4
Rg6 28. Rfe1 Nf4 29. Re3 Nh3+ 30. Kf1 b6 31. Rxf3 Ng5 32. Nxg5 Rxg5 33. Re1 b5
34. Re4 hxg3 35. fxg3 Kb6 36. h4 Rh5 37. Rfe3 Rf5+ 38. Ke2 Ka5 39. g4 Rf8 40.
g5 c5 41. g6 b4 42. cxb4+ cxb4 43. Rxe5+ Ka4 44. g7 Rc8 45. Re8 Rc2+ 46. Kf3
Rxa2 47. g8=Q Ra1 48. d4 a5 49. Rb8 Rf1+ 50. Ke4 Rf8 51. Qb3# 1-0

[Event "Lichtenberger Sommer 2023"]
[Site "Berlin"]
[Date "2023.08.14"]
[Round "3.92"]
[White "Hafermann, Lara"]
[Black "Franchina, Giuseppe"]
[Result "1-0"]
[WhiteElo "1590"]
[BlackElo "1200"]
[PlyCount "55"]
[EventDate "2023.??.??"]
[WhiteTeam "SC Borussia Lichtenberg"]
[BlackTeam "vereinslos"]

1. c4 e5 2. Nc3 Nc6 3. g3 Bc5 4. Bg2 d6 5. Nf3 Nf6 6. d3 O-O 7. O-O h6 8. a3 a6
9. Rb1 Bg4 10. h3 Be6 11. b4 Ba7 12. b5 axb5 13. cxb5 Ne7 14. a4 Nh5 15. g4 Nf4
16. Bxf4 exf4 17. Qd2 Ng6 18. a5 f5 19. Nh2 fxg4 20. Nxg4 Qh4 21. b6 h5 22. Nh2
Bb8 23. Nf3 Qd8 24. bxc7 Bxc7 25. Rxb7 Bxa5 26. Qb2 Qc8 27. Ne4 Bxh3 28. Qxg7#
1-0

[Event "Lichtenberger Sommer 2023"]
[Site "Berlin"]
[Date "2023.08.14"]
[Round "3.93"]
[White "Bernhofen, Helmut"]
[Black "Knol, Jeffrey"]
[Result "0-1"]
[WhiteElo "1549"]
[BlackElo "1179"]
[PlyCount "112"]
[EventDate "2023.??.??"]
[WhiteTeam "SC Kreuzberg e.V."]
[BlackTeam "Schaakvereniging Almere"]

1. Nf3 Nc6 2. c4 e5 3. g3 Nf6 4. Bg2 Bc5 5. O-O O-O 6. d3 h6 7. a3 d6 8. b4 Bd4
9. Nxd4 Nxd4 10. e3 Ne6 11. Bb2 c6 12. Nc3 Ng5 13. Ne4 Nfxe4 14. dxe4 Bh3 15.
f3 Bxg2 16. Kxg2 Qe7 17. g4 Rad8 18. Qe2 Qe6 19. Rad1 g6 20. h4 Nh7 21. Rg1 Qe7
22. Qf2 Qe6 23. Rc1 d5 24. cxd5 cxd5 25. Kh1 dxe4 26. Qg3 Rfe8 27. Rc5 Rd5 28.
f4 Rxc5 29. bxc5 exf4 30. Qxf4 g5 31. hxg5 hxg5 32. Qh2 Rc8 33. Bd4 Qg6 34. Qe5
Qh6+ 35. Kg2 Nf8 36. Rh1 Ng6 37. Rxh6 Nxe5 38. Bxe5 f6 39. Bxf6 Rxc5 40. Bxg5
Rxg5 41. Kg3 Rd5 42. Re6 Rd3 43. Rxe4 Rxa3 44. Kf4 b5 45. Kf5 a5 46. g5 b4 47.
Kf6 Ra2 48. g6 Rf2+ 49. Ke5 b3 50. Rd4 b2 51. Rd1 a4 52. e4 a3 53. Kd4 a2 54.
Ke3 b1=Q 55. Rxb1 axb1=Q 56. Kxf2 Qxe4 0-1

[Event "Lichtenberger Sommer 2023"]
[Site "Berlin"]
[Date "2023.08.14"]
[Round "3.94"]
[White "Franz, Jonathan"]
[Black "Reißmann, Edmund"]
[Result "0-1"]
[WhiteElo "1537"]
[BlackElo "1094"]
[PlyCount "66"]
[EventDate "2023.??.??"]
[WhiteTeam "Potsdamer SV Mitte e.V."]
[BlackTeam "SV Erzgebirge Stollber"]

1. Nf3 d5 2. e3 Nf6 3. c4 e6 4. Nc3 Nbd7 5. b3 b6 6. cxd5 exd5 7. Bb2 Bd6 8.
Nb5 Be7 9. Rc1 c5 10. d4 O-O 11. Be2 a6 12. Nc3 Re8 13. O-O Nf8 14. dxc5 bxc5
15. Na4 Ne6 16. Ne5 Bb7 17. Nd3 Rc8 18. Ne5 Bd6 19. Ng4 Nxg4 20. Bxg4 Qc7 21.
h3 Re7 22. Bf3 Qc6 23. Qd2 Ng5 24. Bg4 d4 25. f4 dxe3 26. Qe2 Ne4 27. Qxe3 Ng5
28. Qf2 Ne4 29. Qc2 Ng3 30. Rf2 Rce8 31. Bf3 Re1+ 32. Rxe1 Rxe1+ 33. Kh2 Bxf4
0-1

[Event "Lichtenberger Sommer 2023"]
[Site "Berlin"]
[Date "2023.08.14"]
[Round "3.95"]
[White "Schacht, Thomas"]
[Black "Mielchen, Marvin"]
[Result "1-0"]
[WhiteElo "1518"]
[BlackElo "1000"]
[PlyCount "85"]
[EventDate "2023.??.??"]
[WhiteTeam "BSV 63 Chemie Weißensee"]
[BlackTeam "vereinslos"]

1. d4 d5 2. c4 c6 3. Nc3 Nf6 4. e3 a6 5. cxd5 cxd5 6. Bd3 e6 7. Nge2 Bd6 8. O-O
O-O 9. Qc2 h6 10. f3 Nc6 11. a3 Qc7 12. f4 Re8 13. e4 dxe4 14. Nxe4 Nxe4 15.
Bxe4 f5 16. Bd3 Ne7 17. Qc4 Qxc4 18. Bxc4 b5 19. Ba2 Nd5 20. Re1 Bb7 21. Bd2
Rac8 22. Nc3 Bxf4 23. Bxf4 Nxf4 24. g3 Nh3+ 25. Kf1 Kf7 26. Re2 Rcd8 27. Rd1
Kf6 28. Rde1 Rd6 29. Re3 Re7 30. d5 e5 31. g4 Ng5 32. gxf5 Kxf5 33. h4 Nf7 34.
Rf3+ Kg6 35. Ke2 Kh5 36. Rg1 g5 37. hxg5 Nxg5 38. Rf2 Rf7 39. Rh1+ Kg6 40. Bb1+
Kg7 41. Rfh2 Bxd5 42. Nxd5 Rxd5 43. Ba2 1-0

[Event "Lichtenberger Sommer 2023"]
[Site "Berlin"]
[Date "2023.08.14"]
[Round "3.96"]
[White "Dragnev, Stoyan"]
[Black "Ruddat, Mathias"]
[Result "0-1"]
[WhiteElo "1100"]
[BlackElo "1514"]
[PlyCount "96"]
[EventDate "2023.??.??"]
[WhiteTeam "vereinslos"]
[BlackTeam "TSG Oberschöneweide e.V."]

1. d4 Nf6 2. Bf4 e6 3. e3 d5 4. Nd2 c5 5. c3 a6 6. Ngf3 Nc6 7. Bd3 Be7 8. Ne5
cxd4 9. exd4 Bd7 10. a3 Rc8 11. Ndf3 h6 12. h4 Nxe5 13. Nxe5 h5 14. Qf3 Qb6 15.
Bc1 Bb5 16. Qg3 Rg8 17. Qg5 Bxd3 18. Nxd3 g6 19. f3 Nd7 20. Qh6 Bf6 21. Bg5 Rh8
22. Qxh8+ Bxh8 23. O-O Bf6 24. Bxf6 Nxf6 25. Rae1 Rc7 26. g4 Qd6 27. Ne5 hxg4
28. f4 Qf8 29. f5 Qh6 30. fxg6 Qxh4 31. Nxf7 Rxf7 32. Rxe6+ Re7 33. g7 Qg5 34.
Rfe1 Ng8 35. R1e5 Qxg7 36. c4 dxc4 37. d5 Qxe5 38. Rxe5 Rxe5 39. Kg2 Re2+ 40.
Kg3 Rxb2 41. Kxg4 c3 42. Kf4 c2 43. Ke5 c1=Q 44. Ke6 Rb6+ 45. Ke5 Qe3+ 46. Kf5
Rf6+ 47. Kg4 Qf4+ 48. Kh5 Rh6# 0-1

[Event "Lichtenberger Sommer 2023"]
[Site "Berlin"]
[Date "2023.08.14"]
[Round "3.97"]
[White "Reekers, Anton"]
[Black "Udod, Oleksandra"]
[Result "0-1"]
[WhiteElo "1508"]
[BlackElo "845"]
[PlyCount "78"]
[EventDate "2023.??.??"]
[WhiteTeam "SC Kreuzberg e.V."]
[BlackTeam "SK Zehlendorf e.V."]

1. d4 Nf6 2. Nf3 d5 3. Bf4 Bf5 4. c4 e6 5. Qb3 b6 6. e3 Bd6 7. Nh4 O-O 8. Nxf5
exf5 9. Bd3 dxc4 10. Qxc4 Bxf4 11. exf4 Re8+ 12. Be2 Qd6 13. O-O Qxf4 14. Nc3
c5 15. Bf3 Ng4 16. Bxg4 fxg4 17. Qb5 Rc8 18. d5 Qb4 19. Qe2 Nd7 20. Rfe1 Nf6
21. d6 Re8 22. Qc2 c4 23. Rad1 Rxe1+ 24. Rxe1 Qxd6 25. Ne4 Qe5 26. Qxc4 Nxe4
27. Rxe4 Qxb2 28. g3 Rd8 29. Re7 Qf6 30. Re1 Qf3 31. Qc7 Qf6 32. Qxa7 h5 33.
Rb1 Qf3 34. Re1 g5 35. Qxb6 Rd1 36. Qb8+ Kh7 37. Qe5 Kg6 38. a4 h4 39. a5 h3
0-1

[Event "Lichtenberger Sommer 2023"]
[Site "Berlin"]
[Date "2023.08.15"]
[Round "4.1"]
[White "Hesse, Henrik"]
[Black "Tscheuschner, Georg"]
[Result "1/2-1/2"]
[WhiteElo "2266"]
[BlackElo "2229"]
[PlyCount "38"]
[EventDate "2023.??.??"]
[WhiteTeam "SV Mattnetz Berlin e.V."]
[BlackTeam "SV Mattnetz Berlin e.V."]

1. c4 e5 2. Nc3 Nc6 3. Nf3 Nf6 4. e3 Bb4 5. Qc2 O-O 6. Nd5 Re8 7. Qf5 d6 8.
Nxf6+ gxf6 9. Qh5 d5 10. Bd3 e4 11. cxd5 exd3 12. dxc6 bxc6 13. b3 Qd5 14. Qh4
Re4 15. Qxf6 Be7 16. Qc3 Bb4 17. Qf6 Be7 18. Qc3 Bb4 19. Qf6 Be7 1/2-1/2

[Event "Lichtenberger Sommer 2023"]
[Site "Berlin"]
[Date "2023.08.15"]
[Round "4.3"]
[White "Hommel, Niclas"]
[Black "Möller, Dustin"]
[Result "1/2-1/2"]
[WhiteElo "2043"]
[BlackElo "2230"]
[PlyCount "111"]
[EventDate "2023.??.??"]
[WhiteTeam "TSG Oberschöneweide e.V."]
[BlackTeam "Preetzer TSV"]

1. e4 c5 2. Nf3 Nc6 3. d4 cxd4 4. Nxd4 Nf6 5. Nc3 e5 6. Ndb5 d6 7. Bg5 a6 8.
Na3 b5 9. Nd5 Be7 10. Bxf6 Bxf6 11. c4 b4 12. Nc2 O-O 13. g3 Be6 14. Bg2 Bxd5
15. cxd5 Nd4 16. Nxd4 exd4 17. Qd3 Rc8 18. O-O Qc7 19. Rfd1 Qc2 20. Qxa6 d3 21.
Qxd3 Bxb2 22. Rab1 Qxd3 23. Rxd3 Rc2 24. Bf3 Bc3 25. Bd1 Rxa2 26. Kf1 f5 27. e5
dxe5 28. Bb3 Raa8 29. d6+ Kh8 30. Rd5 f4 31. Ke2 g5 32. f3 g4 33. gxf4 gxf3+
34. Kxf3 Rxf4+ 35. Ke2 Rd8 36. Rg1 Bd4 37. Rg2 Re4+ 38. Kd2 Re3 39. Rg3 Rxg3
40. hxg3 Kg7 41. Kd3 Kf6 42. Ke4 Kg5 43. Bd1 h6 44. d7 Kf6 45. Bb3 Ke7 46. g4
Rxd7 47. Rxd7+ Kxd7 48. Kf5 Kd6 49. Ke4 Bc3 50. Ba2 Kc5 51. Bb3 Bd4 52. Kd3 Bf2
53. Ke4 Bg3 54. Ba2 b3 55. Bxb3 Kb4 56. Be6 1/2-1/2

[Event "Lichtenberger Sommer 2023"]
[Site "Berlin"]
[Date "2023.08.15"]
[Round "4.4"]
[White "Brinkmann, Fabian"]
[Black "Florstedt, Johannes"]
[Result "0-1"]
[WhiteElo "2147"]
[BlackElo "2386"]
[PlyCount "58"]
[EventDate "2023.??.??"]
[WhiteTeam "Hamburger SK von 1830 eV"]
[BlackTeam "SF Berlin 1903 e.V."]

1. d4 Nf6 2. c4 g6 3. Nc3 d5 4. cxd5 Nxd5 5. Bd2 Nb6 6. e3 Bg7 7. h4 Nc6 8. h5
e5 9. h6 Bf6 10. dxe5 Nxe5 11. Qc2 O-O 12. O-O-O Qe7 13. Ne4 Bh8 14. Bc3 Bf5
15. f3 Rad8 16. Rxd8 Rxd8 17. Nh3 Nd5 18. Bd4 b6 19. Bc4 Bxe4 20. fxe4 Nxc4 21.
Bxh8 Ncxe3 22. Qf2 Qxe4 23. Ng5 Qc4+ 24. Kb1 Qd3+ 25. Ka1 Nc2+ 26. Kb1 Ne1+ 27.
Kc1 Qd1+ 28. Kxd1 Nc3+ 29. Kc1 Rd1# 0-1

[Event "Lichtenberger Sommer 2023"]
[Site "Berlin"]
[Date "2023.08.15"]
[Round "4.5"]
[White "Colpe, Malte"]
[Black "Zur, Jan"]
[Result "1-0"]
[WhiteElo "2381"]
[BlackElo "2122"]
[PlyCount "66"]
[EventDate "2023.??.??"]
[WhiteTeam "Hamburger SK von 1830 eV"]
[BlackTeam "SC Rotation Pankow e.V."]

1. Nf3 d5 2. g3 Nf6 3. Bg2 c5 4. O-O Nc6 5. d4 cxd4 6. Nxd4 e5 7. Nxc6 bxc6 8.
c4 Be7 9. Nc3 Be6 10. cxd5 cxd5 11. Qa4+ Bd7 12. Qa6 Be6 13. Qc6+ Kf8 14. Rd1
Rc8 15. Qa6 Rc7 16. Nxd5 Rd7 17. e4 Nxe4 18. Bxe4 Bxd5 19. Bxd5 Rxd5 20. Rxd5
Qxd5 21. Be3 f6 22. Qc8+ Bd8 23. Qc5+ Qxc5 24. Bxc5+ Ke8 25. Bxa7 Kd7 26. b4
Be7 27. b5 Kc7 28. a4 Bb4 29. a5 Kb7 30. Be3 Bc3 31. a6+ Kb8 32. Rc1 Bd4 33. b6
Rd8 1-0

[Event "Lichtenberger Sommer 2023"]
[Site "Berlin"]
[Date "2023.08.15"]
[Round "4.6"]
[White "Polatel, Ali"]
[Black "Figura, Atila Gajo"]
[Result "1/2-1/2"]
[WhiteElo "2154"]
[BlackElo "2371"]
[PlyCount "85"]
[EventDate "2023.??.??"]
[WhiteTeam "SC Zugzwang 95 e.V."]
[BlackTeam "SC Friesen Lichtenberg e.V."]

1. Nf3 Nf6 2. b3 g6 3. Bb2 Bg7 4. g3 c5 5. c4 d6 6. d4 Ne4 7. Bg2 Nc6 8. O-O
Bg4 9. h3 Bxf3 10. Bxf3 Ng5 11. Bxc6+ bxc6 12. Qd2 e5 13. h4 Ne6 14. dxc5 Nxc5
15. Rd1 Ne4 16. Qc2 f5 17. Nd2 Nc5 18. b4 Ne6 19. c5 d5 20. Nc4 O-O 21. Nxe5 f4
22. Kg2 Qc7 23. Nf3 fxg3 24. fxg3 Rae8 25. Rd3 Bxb2 26. Qxb2 Ng7 27. Nd4 Re4
28. Rf1 Rxf1 29. Kxf1 Qe5 30. Qc3 Qf6+ 31. Ke1 Nf5 32. Nxf5 Qxf5 33. Rf3 Qe6
34. e3 d4 35. Qb3 Qxb3 36. axb3 dxe3 37. Rf4 Re6 38. Ke2 Kg7 39. Rd4 Kf6 40.
Rd7 Re4 41. b5 cxb5 42. c6 Re5 43. Rxa7 1/2-1/2

[Event "Lichtenberger Sommer 2023"]
[Site "Berlin"]
[Date "2023.08.15"]
[Round "4.7"]
[White "Vogel, Robert"]
[Black "Brüdigam, Martin"]
[Result "0-1"]
[WhiteElo "2104"]
[BlackElo "2362"]
[PlyCount "142"]
[EventDate "2023.??.??"]
[WhiteTeam "SK München Südost e.V."]
[BlackTeam "SK König Tegel 1949 e.V."]

1. d4 Nf6 2. c4 e6 3. Nf3 d5 4. g3 Be7 5. Bg2 O-O 6. O-O c6 7. Nbd2 b6 8. b3
Nbd7 9. Bb2 Bb7 10. Rc1 Rc8 11. e3 Rc7 12. Qe2 Qb8 13. Ne5 Rd8 14. f4 dxc4 15.
bxc4 Nxe5 16. fxe5 Ne8 17. Ne4 Bf8 18. Qg4 Qc8 19. Ng5 g6 20. Rc2 Ng7 21. e4
Rdd7 22. Rcf2 h6 23. Nh3 Ba6 24. Rc1 Qd8 25. Kh1 Rxd4 26. Bxd4 Qxd4 27. Rd1
Qxe5 28. Bf1 Be7 29. Rfd2 Nh5 30. Qf3 c5 31. Nf2 Nf6 32. Qf4 Qxf4 33. gxf4 Bc8
34. Bg2 Nh5 35. Nh3 Kf8 36. Kg1 Ke8 37. Kf2 Ba6 38. Bf1 Bb7 39. Bg2 Ba6 40. Rc2
Bb7 41. Ke3 Bc6 42. Rb2 Nf6 43. Nf2 Nd7 44. Nd3 Nb8 45. Ne5 Ba4 46. Rd3 Bf6 47.
Rbd2 Bxe5 48. Rd8+ Ke7 49. Rxb8 Bd4+ 50. Ke2 Bc6 51. Bf3 g5 52. e5 Bd7 53. fxg5
hxg5 54. Rxd4 cxd4 55. Kd3 Bc8 56. Kxd4 f6 57. Ra8 fxe5+ 58. Kxe5 Ba6 59. Be2
Bc8 60. Bd3 Rc5+ 61. Kd4 e5+ 62. Kc3 Rc7 63. Kb4 g4 64. a4 Kf6 65. a5 bxa5+ 66.
Kxa5 Kg5 67. Kb4 Kf4 68. Kc3 e4 69. Bf1 Ke3 70. Rb8 Kf2 71. Rb1 Bf5 0-1

[Event "Lichtenberger Sommer 2023"]
[Site "Berlin"]
[Date "2023.08.15"]
[Round "4.8"]
[White "Dathe, Frederick"]
[Black "Hommer, Jeremy"]
[Result "1-0"]
[WhiteElo "2075"]
[BlackElo "2308"]
[PlyCount "73"]
[EventDate "2023.??.??"]
[WhiteTeam "SC Kreuzberg e.V."]
[BlackTeam "Hamburger SK von 1830 eV"]

1. c4 e5 2. g3 c6 3. Nf3 e4 4. Nd4 d5 5. cxd5 Qxd5 6. Nc2 Nf6 7. Ne3 Qe5 8. Nc3
Na6 9. Bg2 Be7 10. Qc2 Nb4 11. Qb1 h5 12. Nxe4 Ng4 13. a3 Nxe3 14. dxe3 Nd5 15.
Nd2 h4 16. Nf3 Qh5 17. Nxh4 Bxh4 18. gxh4 Nf6 19. Qd3 Be6 20. e4 Qxh4 21. Qf3
O-O-O 22. Bf4 Nh5 23. Bd2 Nf6 24. Qf4 Qh5 25. Qg5 Qh7 26. Qe5 Ng4 27. Qc5 Qh4
28. Bf4 Nf6 29. Qe5 Kd7 30. O-O-O+ Ke7 31. Qc5+ Ke8 32. Rxd8+ Kxd8 33. Rd1+ Ke8
34. Bg5 Qh5 35. Bf3 Qg6 36. Qe5 Kf8 37. Qb8+ 1-0

[Event "Lichtenberger Sommer 2023"]
[Site "Berlin"]
[Date "2023.08.15"]
[Round "4.9"]
[White "Niechotz, Christopher"]
[Black "Förster, Jonas"]
[Result "0-1"]
[WhiteElo "2074"]
[BlackElo "2262"]
[PlyCount "46"]
[EventDate "2023.??.??"]
[WhiteTeam "SC Kreuzberg e.V."]
[BlackTeam "SV Empor Berlin e.V."]

1. c4 e6 2. Nf3 Nf6 3. g3 b6 4. Bg2 Bb7 5. O-O c5 6. Nc3 Be7 7. d4 cxd4 8. Qxd4
O-O 9. Bf4 d6 10. Qd2 Qc8 11. Rfc1 Rd8 12. Nb5 Ne4 13. Qc2 a6 14. Nc3 Nxc3 15.
Qxc3 Nd7 16. Rd1 Qc7 17. Rac1 Rac8 18. Qa3 Nf6 19. Qb3 Ne4 20. Qd3 Nc5 21. Qa3
a5 22. Nd4 Bxg2 23. Kxg2 e5 0-1

[Event "Lichtenberger Sommer 2023"]
[Site "Berlin"]
[Date "2023.08.15"]
[Round "4.10"]
[White "Witte, Ronald"]
[Black "Heinig, Wolfram"]
[Result "0-1"]
[WhiteElo "1973"]
[BlackElo "2254"]
[PlyCount "88"]
[EventDate "2023.??.??"]
[WhiteTeam "BSV 63 Chemie Weißensee"]
[BlackTeam "SK Zehlendorf e.V."]

1. d4 Nf6 2. c4 d6 3. Nf3 g6 4. Nc3 Bg7 5. e4 O-O 6. Be2 e5 7. O-O Na6 8. Rb1
exd4 9. Nxd4 Nc5 10. f3 a5 11. Be3 Re8 12. Qd2 Qe7 13. Rfe1 c6 14. Bf1 Nfd7 15.
Rbd1 a4 16. Qc2 Ne5 17. Rb1 Bd7 18. b4 axb3 19. axb3 Ne6 20. Nxe6 Bxe6 21. Ne2
Bd7 22. Qd2 f5 23. Bg5 Qf8 24. exf5 Bxf5 25. f4 Bxb1 26. fxe5 Ra2 27. Qxd6 Bf5
28. Bf4 Qxd6 29. exd6 Bd4+ 30. Kh1 Bf2 31. Rd1 Raxe2 32. Bxe2 Rxe2 33. Bg3 Bxg3
34. hxg3 Bd7 35. c5 Kf7 36. Rd4 Re5 37. b4 Ke8 38. Kh2 Bf5 39. g4 Re4 40. Rxe4+
Bxe4 41. g5 Kf7 42. Kg3 Ke6 43. Kf2 Bf5 44. Kf3 Kd5 0-1

[Event "Lichtenberger Sommer 2023"]
[Site "Berlin"]
[Date "2023.08.15"]
[Round "4.11"]
[White "Holinka, Henning"]
[Black "Fartmann, Oliver"]
[Result "1/2-1/2"]
[WhiteElo "2241"]
[BlackElo "2065"]
[PlyCount "61"]
[EventDate "2023.??.??"]
[WhiteTeam "Hamburger SK von 1830 eV"]
[BlackTeam "SV Mattnetz Berlin e.V."]

1. e4 c5 2. Nf3 e6 3. d4 cxd4 4. Nxd4 Nc6 5. Nc3 Qc7 6. Be3 a6 7. a3 b5 8. Nxc6
Qxc6 9. Bd3 Bb7 10. Qd2 Rc8 11. O-O Nf6 12. f3 b4 13. Ne2 e5 14. axb4 d5 15.
Ra5 Qc7 16. Ng3 h5 17. exd5 Nxd5 18. c3 Nxe3 19. Re1 Nd5 20. Be4 Ne7 21. Bxb7
Qxb7 22. Raxe5 f6 23. Nf5 Rd8 24. Nxg7+ Kf7 25. Qxd8 fxe5 26. Ne8 Qa7+ 27. Kf1
Bg7 28. Nd6+ Ke6 29. Ne8 Kf7 30. Nd6+ Ke6 31. Ne8 1/2-1/2

[Event "Lichtenberger Sommer 2023"]
[Site "Berlin"]
[Date "2023.08.15"]
[Round "4.12"]
[White "Tiarks, Jann-Christian"]
[Black "Heuser, Philip"]
[Result "1-0"]
[WhiteElo "2211"]
[BlackElo "2061"]
[PlyCount "91"]
[EventDate "2023.??.??"]
[WhiteTeam "SC Empor Potsdam 1952 e.V."]
[BlackTeam "Münchener SC 1836 e.V."]

1. e4 c6 2. d4 d5 3. e5 Bf5 4. Nf3 e6 5. Be2 c5 6. Be3 cxd4 7. Nxd4 Ne7 8. Nd2
Nbc6 9. N2f3 Be4 10. O-O Nf5 11. Nxf5 Bxf5 12. Nd4 Nxd4 13. Qxd4 Be7 14. Qa4+
Kf8 15. c4 d4 16. Rfd1 Bc5 17. b4 Qc7 18. Bf4 d3 19. Bxd3 Bd4 20. Rac1 Bb2 21.
Rc2 Bxe5 22. Be3 Rd8 23. Rcd2 Rxd3 24. Rxd3 Bxd3 25. Rxd3 g5 26. c5 Bxh2+ 27.
Kh1 Bf4 28. Rd7 Qe5 29. Rd8+ Kg7 30. Bd4 Rxd8 31. Bxe5+ Bxe5 32. Qc2 a6 33. g3
Rd7 34. Kg2 h5 35. Qe2 Bf6 36. Qxh5 Rd4 37. a3 Rd3 38. Qe2 Rxa3 39. Qe4 a5 40.
Qxb7 axb4 41. c6 Be5 42. Qxb4 Ra8 43. Qb7 Rb8 44. Qd7 Rb4 45. Qd2 Rg4 46. Qe2
1-0

[Event "Lichtenberger Sommer 2023"]
[Site "Berlin"]
[Date "2023.08.15"]
[Round "4.13"]
[White "Rogozenco, Teodora"]
[Black "Hess, Christian"]
[Result "1/2-1/2"]
[WhiteElo "1952"]
[BlackElo "2210"]
[PlyCount "48"]
[EventDate "2023.??.??"]
[WhiteTeam "Hamburger SK von 1830 eV"]
[BlackTeam "FC ST.Pauli 1910 eV SAbt"]

1. d4 d5 2. c4 c6 3. cxd5 cxd5 4. Nc3 Nf6 5. Bf4 Nc6 6. Nf3 Bf5 7. Qb3 Na5 8.
Qa4+ Bd7 9. Qc2 Rc8 10. e3 b5 11. a3 g6 12. Bd3 Bg7 13. Qe2 Nc4 14. O-O O-O 15.
a4 b4 16. Nxd5 Nxd5 17. Bxc4 Nxf4 18. exf4 Bg4 19. Ba6 Rc7 20. Rac1 Qd6 21.
Rxc7 Qxc7 22. h3 Bxf3 23. Qxf3 Bxd4 24. b3 Rd8 1/2-1/2

[Event "Lichtenberger Sommer 2023"]
[Site "Berlin"]
[Date "2023.08.15"]
[Round "4.14"]
[White "Zackrisson, Peter"]
[Black "Pueschel, Werner"]
[Result "1-0"]
[WhiteElo "2204"]
[BlackElo "2054"]
[PlyCount "63"]
[EventDate "2023.??.??"]
[WhiteTeam "USV Potsdam e.V., Abt. Schach"]
[BlackTeam "vereinslos"]

1. e4 d5 2. exd5 Qxd5 3. Nc3 Qd6 4. d4 Nf6 5. Nf3 a6 6. g3 Bg4 7. Bg2 c6 8. O-O
e6 9. h3 Bxf3 10. Bxf3 Be7 11. Bf4 Qd8 12. Ne2 Nd5 13. Bd2 b5 14. b3 Ra7 15. c4
Nf6 16. a4 Qd7 17. Be3 Rb7 18. axb5 axb5 19. Nf4 O-O 20. Qe2 Rd8 21. Nd3 Qc7
22. Rfc1 bxc4 23. bxc4 Rb3 24. Qc2 Rb7 25. Qa4 Nfd7 26. d5 Nb6 27. Bxb6 Rxb6
28. c5 Ra6 29. d6 Qc8 30. dxe7 Rxd3 31. Qxa6 Nxa6 32. Rxa6 1-0

[Event "Lichtenberger Sommer 2023"]
[Site "Berlin"]
[Date "2023.08.15"]
[Round "4.15"]
[White "Nötzel, Felix"]
[Black "Möller, Jared William"]
[Result "1/2-1/2"]
[WhiteElo "2169"]
[BlackElo "1979"]
[PlyCount "151"]
[EventDate "2023.??.??"]
[WhiteTeam "SF Berlin 1903 e.V."]
[BlackTeam "SV Glück auf Rüdersdorf e.V."]

1. e4 c5 2. Nf3 Nc6 3. d4 cxd4 4. Nxd4 Nf6 5. Nc3 e5 6. Ndb5 d6 7. Bg5 a6 8.
Na3 b5 9. Nd5 Be7 10. Bxf6 Bxf6 11. c3 Rb8 12. Nc2 Bg5 13. a4 bxa4 14. Ncb4
Nxb4 15. cxb4 Bd7 16. Bxa6 O-O 17. O-O Kh8 18. b3 axb3 19. Qxb3 Be6 20. Bc4
Bxd5 21. Bxd5 Qb6 22. Bxf7 Qxb4 23. Qxb4 Rxb4 24. Bd5 Rb2 25. g3 Bd2 26. Rfb1
Bc3 27. Rxb2 Bxb2 28. Ra2 Bd4 29. Kg2 g6 30. f3 Kg7 31. Ra6 Bc5 32. Rc6 h5 33.
Rc7+ Kh6 34. h4 g5 35. Be6 gxh4 36. gxh4 Rf4 37. Kg3 Bb4 38. Rd7 Be1+ 39. Kg2
Bb4 40. Kg3 Be1+ 41. Kg2 Bb4 42. Rb7 Be1 43. Bf5 Bxh4 44. Rb6 Be1 45. Rxd6+ Kg7
46. Rg6+ Kf8 47. Rg5 h4 48. Bg4 Bg3 49. Bf5 Be1 50. Rh5 Kf7 51. Kf1 Bg3 52. Ke2
Kf6 53. Rh6+ Kf7 54. Rh7+ Kf8 55. Rb7 Ke8 56. Rb5 Kf7 57. Rd5 Kf6 58. Rd7 h3
59. Bxh3 Rh4 60. Bg4 Rh2+ 61. Kd3 Bf4 62. Rb7 Rd2+ 63. Kc4 Rd8 64. Rb6+ Ke7 65.
Re6+ Kf7 66. Ra6 Ke7 67. Ra7+ Kf6 68. Rh7 Rd2 69. Kc5 Rd8 70. Bd7 Rb8 71. Kd6
Rb6+ 72. Bc6 Rb3 73. Rh3 Rd3+ 74. Kc5 Rc3+ 75. Kd6 Rd3+ 76. Kc5 1/2-1/2

[Event "Lichtenberger Sommer 2023"]
[Site "Berlin"]
[Date "2023.08.15"]
[Round "4.16"]
[White "Verbitsky, Jaroslaw"]
[Black "Bui, Bao Anh Le"]
[Result "1/2-1/2"]
[WhiteElo "1901"]
[BlackElo "2162"]
[PlyCount "94"]
[EventDate "2023.??.??"]
[WhiteTeam "SV Mattnetz Berlin e.V."]
[BlackTeam "SV Mattnetz Berlin e.V."]

1. e4 c5 2. Nf3 Nc6 3. Bb5 Nf6 4. Nc3 Qc7 5. O-O Nd4 6. Bc4 e6 7. d3 a6 8. a4
Ng4 9. g3 h5 10. Bf4 Bd6 11. Bxd6 Qxd6 12. h3 Nxf3+ 13. Qxf3 Ne5 14. Qe2 h4 15.
f4 Nxc4 16. dxc4 hxg3 17. e5 Qd4+ 18. Kg2 b5 19. Qe4 Qxe4+ 20. Nxe4 Bb7 21.
Rfe1 bxc4 22. Kxg3 Bd5 23. Nxc5 Ke7 24. a5 Rhb8 25. Na4 Rb5 26. Nb6 Rg8 27. b3
cxb3 28. c4 Rxb6 29. axb6 Bxc4 30. Ra4 Bd5 31. Rxa6 Rb8 32. Rd1 Be4 33. Ra7 Rd8
34. Ra4 Bc2 35. Rg1 b2 36. Rb4 b1=Q 37. Rbxb1 Bxb1 38. Rxb1 Rb8 39. Kg4 d6 40.
exd6+ Kxd6 41. f5 e5 42. f6 g6 43. Kg5 Rb7 44. h4 Kc6 45. Re1 Kd6 46. Rb1 Kc6
47. Re1 Kd6 1/2-1/2

[Event "Lichtenberger Sommer 2023"]
[Site "Berlin"]
[Date "2023.08.15"]
[Round "4.18"]
[White "Nöldner, Julian"]
[Black "Omar, Samy"]
[Result "1-0"]
[WhiteElo "2175"]
[BlackElo "1896"]
[PlyCount "79"]
[EventDate "2023.??.??"]
[WhiteTeam "SF Nordost Berlin"]
[BlackTeam "vereinslos"]

1. e4 Nf6 2. e5 Nd5 3. d4 d6 4. Nf3 g6 5. Bc4 Nb6 6. Bb3 Bg7 7. Ng5 O-O 8. e6
f6 9. Nf7 Qe8 10. Nh6+ Kh8 11. Nf7+ Kg8 12. h4 d5 13. h5 Bxe6 14. hxg6 hxg6 15.
Nh6+ Bxh6 16. Bxh6 Rf7 17. Qe2 Qd7 18. Nc3 Nc6 19. O-O-O Rh7 20. f3 Kf7 21. Be3
Rah8 22. Rhe1 Kg7 23. Bf4 Bf7 24. g4 g5 25. Bg3 Rh3 26. Qg2 Na5 27. Rd2 R3h7
28. Rde2 e6 29. f4 Nc6 30. fxg5 fxg5 31. Be5+ Nxe5 32. Rxe5 Qd8 33. Qd2 Kg6 34.
Qd3+ Kg7 35. Qe3 Kg6 36. Rf1 Re8 37. Qd3+ Kg7 38. Rxf7+ Kxf7 39. Qxh7+ Kf6 40.
Re1 1-0

[Event "Lichtenberger Sommer 2023"]
[Site "Berlin"]
[Date "2023.08.15"]
[Round "4.19"]
[White "Damm, Yannic"]
[Black "Kohler, Thomas"]
[Result "0-1"]
[WhiteElo "1873"]
[BlackElo "2172"]
[PlyCount "68"]
[EventDate "2023.??.??"]
[WhiteTeam "SC Bonn Beuel"]
[BlackTeam "SC Zitadelle Spandau 1977 e.V."]

1. d4 Nf6 2. Nf3 e6 3. g3 c5 4. Bg2 d5 5. O-O Nc6 6. c4 dxc4 7. Ne5 Bd7 8. Na3
cxd4 9. Naxc4 Rc8 10. Qb3 Nxe5 11. Nxe5 Bc6 12. Bxc6+ bxc6 13. Qa4 Qb6 14. Bf4
Bc5 15. Rac1 O-O 16. Bg5 Rfd8 17. a3 Rd5 18. Bxf6 gxf6 19. Nc4 Qb7 20. b4 Bb6
21. Qb3 Qd7 22. a4 Bd8 23. e4 dxe3 24. Qxe3 Be7 25. Rb1 Rd4 26. Rfc1 Rb8 27.
Na5 Rbxb4 28. Nxc6 Rxb1 29. Nxe7+ Qxe7 30. Rxb1 Qd6 31. Qb3 Kg7 32. h4 Rd3 33.
Qc2 Qd4 34. Rf1 Rxg3+ 0-1